000 00289nam a2200121Ia 4500
008 241002s9999 xx 000 0 und d
082 _a808.5 RUS
100 _aRussell, Bertrand
245 0 _aAothority and the Individual
260 _aLondon:
_c1949
600 _aLiterature
942 _cUC
999 _c18633
_d18633